000 nam a22 7a 4500
999 _c10823
_d10823
008 180226b ||||| |||| 00| 0 eng d
100 _aCBSE
_96656
245 _aSocial Science - CCE PAPER -IX
260 _aNew Delhi
_bB. P, H Publication
_c2015